书目信息 |
| 题名: |
圣经故事
|
|
| 作者: | 廖诗忠 , 张芝梅 编写 | |
| 分册: | ||
| 出版信息: | 北京 宗教文化出版社 1996.10 |
|
| 页数: | 348页 | |
| 开本: | 23cm | |
| 丛书名: | ||
| 单 册: | ||
| 中图分类: | I382.73 | |
| 科图分类: | ||
| 主题词: | ||
| 电子资源: | ||
| ISBN: | 7-80123-025-6 | |
| 000 | 00523nam0 2200181 45 | |
| 001 | 1569292043 | |
| 005 | 20150124163002.28 | |
| 010 | @dCNY15.90@a7-80123-025-6 | |
| 100 | @a20810111d km y0chiy0120 ea | |
| 101 | 0 | @achi |
| 200 | 1 | @ASheng Jing Gu Shi@a圣经故事@f廖诗忠,张芝梅编写@FLiao Shi Zhong,Zhang Zhi Mei Bian Xie |
| 210 | @a北京@c宗教文化出版社@d1996.10 | |
| 215 | @a348页@d23cm | |
| 690 | @aI382.73@v4 | |
| 701 | 0 | @a廖诗忠@4编写 |
| 701 | 0 | @a张芝梅@4编写 |
| 801 | @aCN@bTSSF@c20150124 | |
| 905 | @aZUCC@dI382.73@eJY7 | |
| 圣经故事/廖诗忠,张芝梅编写.-北京:宗教文化出版社,1996.10 |
| 348页;23cm |
| ISBN 7-80123-025-6:CNY15.90 |
| ● |
| 相关链接 |
|
|
|
|
正题名:圣经故事
索取号:I382.73/JY7
 
预约/预借
| 序号 | 登录号 | 条形码 | 馆藏地/架位号 | 状态 | 备注 |
| 1 | 7855514 | 278555145 | 学院路分馆/ [索取号:I382.73/JY7] | 在馆 | |
| 2 | 7855515 | 278555154 | 学院路分馆/ [索取号:I382.73/JY7] | 在馆 | |
| 3 | 7856396 | 278563966 | 学院路分馆/ [索取号:I382.73/JY7] | 在馆 |